logo

Bir Sreshtho Munshi Abdur Rouf Library
Jhenaidah Cadet College

An English heritage / (Record no. 9653)

MARC details
000 -LEADER
fixed length control field 00507nam a2200217 a 4500
001 - CONTROL NUMBER
JCCL Control Number 9653
003 - CONTROL NUMBER IDENTIFIER
JCCL marc code BD-JhCC
005 - DATE AND TIME OF LATEST TRANSACTION
control field 20180321182113.0
008 - FIXED-LENGTH DATA ELEMENTS--GENERAL INFORMATION
fixed length control field 180321s1929 e 000 0 eng d
035 ## - SYSTEM CONTROL NUMBER
system control number BD-JhCC)9653
040 ## - CATALOGING SOURCE
Original cataloging agency BD-JhCC
Transcribing agency EQO
Modifying agency BD-JhCC
041 ## - LANGUAGE CODE
Language code of Book eng
082 ## - DEWEY DECIMAL CLASSIFICATION NUMBER
Classification number 823
Author mark and Year HIL 1946
245 03 - TITLE STATEMENT
Title An English heritage /
Statement of responsibility, etc by W. Hill
260 ## - PUBLICATION, DISTRIBUTION, ETC. (IMPRINT)
Place of publication, distribution, etc Lond,
Date of publication, distribution, etc 1929
300 ## - PHYSICAL DESCRIPTION
Pagination 287 p. :
Dimensions 20 cm.
650 ## - SUBJECT ADDED ENTRY--TOPICAL TERM
Topical term or geographic name as entry element English Literature
700 1# - ADDED ENTRY--PERSONAL NAME
Personal name Hill, W.
942 ## - ADDED ENTRY ELEMENTS (KOHA)
Source of classification or shelving scheme Dewey Decimal Classification
Koha item type Books
Holdings
Source of classification or shelving scheme Damaged status Not for loan Home library Current library Shelving location Date of accession Total Checkouts Full call number Barcode Date last seen Copy number Koha item type
Dewey Decimal Classification     JCC Rouf Library JCC Rouf Library General Stacks 03/21/2018   823 HIL 1946 12341 03/21/2018 C-1 Books

JCC Library | Contacts | JCC Home

Last Update on 23 September 2017
Copyright @ 2017-2020 JCC Rouf Library
Rouf Library, Jhenidah Cadet College (JCC), Bangladesh